header

Power system dynamics (Record no. 23784)

MARC details
000 -LEADER
fixed length control field 01530nam a2200385 a 4500
082 04 - DEWEY DECIMAL CLASSIFICATION NUMBER
Classification number 621.319/1
100 1# - MAIN ENTRY--AUTHOR NAME
Personal name Machowski, Jan.
245 10 - TITLE STATEMENT
Title Power system dynamics
250 ## - EDITION STATEMENT
Edition statement 2nd ed.
260 ## - PUBLICATION, DISTRIBUTION, ETC. (IMPRINT)
Place of publication Chichester, U.K. :
Name of publisher Wiley,
Year of publication 2008.
300 ## - PHYSICAL DESCRIPTION
Number of Pages xxvii, 629 p.
500 ## - GENERAL NOTE
General note Rev. ed. of: Power system dynamics and stability / Jan Machowski, Janusz W. Bialek, James R. Bumby. 1997.
650 #0 - SUBJECT ADDED ENTRY--TOPICAL TERM
Topical Term Electric power system stability.
Topical Term Electric power systems
700 1# - ADDED ENTRY--PERSONAL NAME
Personal name Bialek, Janusz W.
Personal name Bumby, J. R.
856 40 - ELECTRONIC LOCATION AND ACCESS
Uniform Resource Identifier http://site.ebrary.com/lib/rucke/Doc?id=10270692

No items available.

© 2026 Rongo University
Contact us: librarian | system librarian | Rongo university